| 000 | 00780nam a2200253 a 4500 | ||
|---|---|---|---|
| 001 | BRCA_6933 | ||
| 005 | 20190320205640.0 | ||
| 008 | 171111s1945----mx-a######---#000-0#spa-# | ||
| 041 | _aspa | ||
| 044 | _amx | ||
| 050 | 4 |
_aDG315 _b.B92 _c1945 |
|
| 100 | 1 |
_aBurckhardt, Jacob _917279 |
|
| 245 | 1 | 0 |
_aDel paganismo al cristianismo _bla época de Constantino el Grande _cversión directa de Eugenio Imaz |
| 260 |
_aMéxico _bFCE _c1945 |
||
| 300 |
_axii, 437 p. _bil., 20 láminas _c25 cm. |
||
| 440 | 0 |
_aSección de obras de historia _917280 |
|
| 500 | _aEstado físico: Camisa deteriorada | ||
| 500 | _aO156 | ||
| 650 | 1 | 4 |
_aCristianismo _915572 |
| 651 | 4 |
_aRoma _xCivilización _917281 |
|
| 651 | 4 |
_aRoma _xHistoria - Imperio _y284-476 _917282 |
|
| 902 | _aGFM | ||
| 942 |
_2lcc _cB |
||
| 999 |
_c6615 _d6615 |
||